| 000 | nam a22 a 4500 | ||
|---|---|---|---|
| 999 |
_c702 _d702 |
||
| 003 | AKMAL | ||
| 005 | 20170504155611.0 | ||
| 008 | 170504t20052008my e 000 0cmay d | ||
| 020 |
_a9833372171 (kkt.) : _cRM19.00 |
||
| 020 | _a9789833372171 (kkt.) | ||
| 039 | 9 |
_a201204131443 _bm_fadzli _c201102241549 _djalil _c201101210839 _dmanorrazila _c201006300940 _dladduni |
|
| 040 |
_aAKMAL _cAKMAL |
||
| 049 | _aklpmal | ||
| 082 | 0 | 4 |
_a158.4 MOH _222 |
| 090 | 0 | 0 |
_a158.4 _bMOH |
| 090 | 2 | 0 |
_a158.4 _bMOH |
| 100 | 0 |
_aMohd. Fadzilah Kamsah, _cDato', _d1951- _91278 |
|
| 245 | 1 | 0 |
_aKunci menjadi individu berkredibiliti : _bfaktor mengapa orang percaya kepada kita / _cDato' Mohd. Fadzilah Kamsah & Ahmad Naim Jaafar |
| 260 |
_aPahang : _bPTS Millennia , _c2005 [reprinted 2008] |
||
| 300 |
_axiv, 178ms. : _c23cm. |
||
| 490 | 1 | _aSiri pembangunan diri | |
| 500 | _aMengandungi biografi | ||
| 650 | 1 | 0 |
_aLeadership _xPsychology _91498 |
| 650 | 2 | 0 |
_aInterpersonal relations _9487 |
| 700 | 0 |
_aAhmad Naim Jaafar _91291 |
|
| 830 | 0 |
_aSiri pembangunan diri _91361 |
|
| 856 | 4 | 1 |
_uftp://tag856.pnm.gov.my/tag856/buku/9833372171.pdf _yElectronic Resource |
| 942 |
_2ddc _cBOOK |
||